000 00510nam a2200217Ia 4500
003 OSt
005 20221005120728.0
006 a|||||r|||| 00| 0
007 ta
008 221004b |||||||| |||| 00| 0 eng d
024 _a11187
037 _cTextual
040 _aCRL
_cCRL
_beng
041 _2eng
_aeng
082 _aV2:71, M6
100 _aGhosh
245 0 _aexcavations at satanikota 1977-80
260 _c1986
942 _hV2:71, M6
_cTEXL
_2cc
999 _c1038963
_d1038963